| 000 | 00715nam a2200241 u 4500 | ||
|---|---|---|---|
| 005 | 20220916063536.0 | ||
| 008 | 141119s1997 r 000 0 eng d | ||
| 020 | _a9500818558 | ||
| 035 | _aUPN01000200818 | ||
| 049 | _aI | ||
| 050 | 4 |
_aPZ7 _bL6.7 1997 |
|
| 100 | 1 |
_aLong, Jonathan _936445 |
|
| 245 | 1 | 0 |
_aSabueso perdió su hueso / _cJonathan Long ; il. Korky Paul. |
| 250 | _a2a ed. | ||
| 260 |
_aBuenos Aires : _bAtlantida, _c1997. |
||
| 300 |
_a[24] p. : _bil. |
||
| 440 | 0 | _aCuentos locos | |
| 534 |
_pTÃtulo original : _tThe dog that dug |
||
| 650 | 7 |
_aLiteratura infantil estadounidense _2 _99173 |
|
| 650 | 0 |
_aAnimales _vCuentos y leyendas _9234 |
|
| 700 | 1 |
_aPaul, Korky, _eil. |
|
| 905 | _aInfantil | ||
| 999 |
_c172919 _d172919 |
||